| 000 | 02191nam a22002537a 4500 | ||
|---|---|---|---|
| 003 | NALT | ||
| 005 | 20220223095540.0 | ||
| 008 | s2548 th tha d | ||
| 040 | _aNALT | ||
| 041 | _atha | ||
| 050 |
_aHC 79.P63.U2 _bค125ค 2548 |
||
| 110 | 2 |
_aคณะทำงานและศึกษาวิจัยภาคประชาชน ภาครัฐ และภาควิชาการ จังหวัดอุบลราชธานี _957139 |
|
| 245 | 1 | 0 |
_aโครงการนำร่องบูรณาการการบริหารจัดการเชิงพื้นที่ จังหวัดอุบลราชธานี / _cคณะทำงานและศึกษาวิจัยภาคประชาชน ภาครัฐ และภาควิชาการ จังหวัดอุบลราชธานี. |
| 260 |
_aกรุงเทพฯ : _bสำนักงานกองทุนสนับสนุนการวิจัย, _c2548 |
||
| 300 |
_a1 เล่ม : _bภาพประกอบ, ตาราง, แผนที่ ; _c29 ซม. |
||
| 610 | _aคณะทำงานและศึกษาวิจัยภาคประชาชน ภาครัฐ และภาควิชาการ จังหวัดอุบลราชธานี | ||
| 650 | 0 | 4 | _aโครงการนำร่องบูรณาการการบริหารจัดการเชิงพื้นที่ -- วิจัย |
| 650 | 0 | 4 | _aความยากจน -- อุบลราชธานี -- วิจัย |
| 650 | 0 | 4 | _aความจน -- วิจัย |
| 650 | 0 | 4 | _aปัญหาความยากจน -- วิจัย |
| 650 | 0 | 4 | _aปัญหาความยากจน -- วิจัยความจน -- วิจัยความยากจน -- อุบลราชธานี -- วิจัยโครงการนำร่องบูรณาการการบริหารจัดการเชิงพื้นที่ -- วิจัย |
| 850 | _aNALT | ||
| 942 |
_cRSH _2lcc |
||
| 999 |
_c46680 _d46680 |
||
| 998 |
_j109 _k อารีรัตน์ วิชาช่าง |
||